Narváez y su época (Record no. 122735)

000 -CABECERA
campo de control de longitud fija 00731nam#a2200265#c#4500
003 - IDENTIFICADOR DEL NÚMERO DE CONTROL
campo de control IEF
005 - FECHA Y HORA DE LA ÚLTIMA TRANSACCIÓN
campo de control 20180219172530.0
008 - CÓDIGOS DE INFORMACIÓN DE LONGITUD FIJA
campo de control de longitud fija 950804s1983 ESP####fr####| 0||u|SPA|u
017 ## - NÚMERO DE COPYRIGHT O DE DEPÓSITO LEGAL
Número de copyright o de depósito legal M. 30073-1983
020 ## - NÚMERO INTERNACIONAL NORMALIZADO PARA LIBROS(ISBN)
Número Internacional Normalizado para Libros (ISBN) 8423916375
040 ## - FUENTE DE LA CATALOGACIÓN
Centro catalogador de origen IEF
041 ## - CÓDIGO DE LENGUA
Código de lengua del texto/banda sonora o título independiente SPA
100 1# - PUNTO DE ACCESO PRINCIPAL - NOMBRE DE PERSONA
Nombre de persona Pabón y Suárez de Urbina, Jesús
9 (RLIN) 33918
245 ## - MENCIÓN DE TÍTULO
Título Narváez y su época
Mención de responsabilidad etc. Jesús Pabón y Suárez de Urbina ; introducción de Carlos Seco Serrano
260 ## - PUBLICACIÓN, DISTRIBUCIÓN, ETC. (PIE DE IMPRENTA)
Lugar de publicación distribución etc. Madrid
Nombre del editor distribuidor etc. Espasa-Calpe
Fecha de publicación distribución etc. 1983
300 ## - DESCRIPCIÓN FÍSICA
Extensión 330 p.
Dimensiones 18 cm
490 ## - MENCIÓN DE SERIE
Mención de serie Austral;v. 1637
650 #4 - PUNTO DE ACCESO ADICIONAL DE MATERIA--TÉRMINO DE MATERIA
Término de materia o nombre geográfico como elemento inicial ESPAÑA
9 (RLIN) 41092
650 #4 - PUNTO DE ACCESO ADICIONAL DE MATERIA--TÉRMINO DE MATERIA
Término de materia o nombre geográfico como elemento inicial HISTORIA
9 (RLIN) 45399
650 #4 - PUNTO DE ACCESO ADICIONAL DE MATERIA--TÉRMINO DE MATERIA
Término de materia o nombre geográfico como elemento inicial SIGLO XIX
9 (RLIN) 48415
700 1# - PUNTO DE ACCESO ADICIONAL--NOMBRE DE PERSONA
Nombre de persona Seco Serrano, Carlos
9 (RLIN) 40571
942 ## - ELEMENTOS DE PUNTO DE ACCESO ADICIONAL (KOHA)
Tipo de ítem Koha Libros
942 ## - ELEMENTOS DE PUNTO DE ACCESO ADICIONAL (KOHA)
-- 78126
Holdings
Estado de retiro Estado de pérdida Estado dañado No para préstamo Localización permanente Fecha de adquisición Signatura topográfica completa Código de barras Fecha visto por última vez Precio válido a partir de Tipo de ítem Koha
      Disponible para préstamo IEF 1995-08-04 45880 45880 2018-02-19 2018-02-19 Libros

Powered by Koha